Anschlussfahige bildungsprozesse im elementar- und primarbereich

Αποθηκεύτηκε σε:
Λεπτομέρειες βιβλιογραφικής εγγραφής
Άλλοι συγγραφείς: Faust, Gabriele (Επιμελητής έκδοσης)
Μορφή: Βιβλίο
Γλώσσα:German
Δημοσίευση: Bad Heilbrunn/Obb. : Klinkhardt, 2004
Θέματα:
Ετικέτες: Προσθήκη ετικέτας
Δεν υπάρχουν, Καταχωρήστε ετικέτα πρώτοι!

MARC

LEADER 00000nam a2200000 i 4500
001 1/63809
008 071121s2004 ger d
020 |a 3-7815-1265-7 
035 |l 10092432 
040 |a GR-MY-UA  |b gre  |e aacr 
041 0 |a ger 
082 0 |a 370.1  |2 (22) 
245 1 0 |a Anschlussfahige bildungsprozesse im elementar- und primarbereich /  |c herausgegeben von Gabriele Faust...[κ.ά.] 
260 |a Bad Heilbrunn/Obb. :   |b Klinkhardt,   |c 2004 
300 |a 288 σ.;  |b πιν., σχεδιαγρ.;  |c 21 εκ. 
504 |a Περιλαμβάνει βιβλιογραφίες 
650 0 0 |a Education, Elementary  |z Germany. 
650 0 0 |a Education, Primary  |z Germany. 
650 0 0 |a Education  |x Philosophy. 
650 0 0 |a Education  |x Study and teaching  |z Germany. 
700 1 |a Faust, Gabriele.  |4 edt 
852 |a INST  |b RHODES  |e 20071121  |h 370.1 ANS  |p 005400025240  |q 005400025240  |t BK  |y 0 
901 |a BIBL4-2007-3 
909 |a Ρ  |b 140155 
922 |a 4ΕΛΗ  |b 200710  |c ΕΠΕΑΕΚ2/ΠΤΔΕ  |d ΕΛΕΥΘΕΡΟΥΔΑΚΗΣ 
970 |a ΧΑΡΙΟΠΟΛΙΤΟΥ  |b ΚΩΝΣΤΑΝΤΙΝΑ  |z 2007/11/21